Batman v Superman Actors - Statistics

General Stats
  • This quiz has been taken 196 times
  • The average score is 7 of 9
Answer Stats
Actor Character % Correct
Ben Affleck Batman
100%
Henry Cavill Superman
99%
Gal Gadot Wonder Woman
95%
Amy Adams Lois Lane
90%
Jesse Eisenberg Lex Luthor
88%
Jeremy Irons Alfred Pennyworth
70%
Diane Lane Martha Kent
63%
Laurence Fishburne Perry White
49%
Holly Hunter Senator Finch
25%
No matching quizzes found
Score Distribution
Percent of People with Each Score
Percentile by Number Answered
Your Score History
You have not taken this quiz